Live Aid 1985 Songs - Statistics

General Stats
  • This quiz has been taken 18 times
  • The average score is 43 of 185
Answer Stats
Location Musical Act Song % Correct
Wembley Stadium, London Queen Radio Ga Ga
88%
Wembley Stadium, London Queen We Are the Champions
88%
Wembley Stadium, London Queen Bohemian Rhapsody
81%
Wembley Stadium, London Queen We Will Rock You
81%
John F. Kennedy Stadium, Philadelphia | Wembley Stadium, London Phil Collins In the Air Tonight
69%
John F. Kennedy Stadium, Philadelphia Bryan Adams Summer of '69
69%
John F. Kennedy Stadium, Philadelphia Simple Minds Don't You (Forget About Me)
63%
Wembley Stadium, London Band Aid | Paul Young Do They Know It's Christmas?
63%
John F. Kennedy Stadium, Philadelphia Kenny Loggins Footloose
63%
Wembley Stadium, London Queen Hammer to Fall
63%
Wembley Stadium, London The Boomtown Rats I Don't Like Mondays
63%
Wembley Stadium, London Dire Straits Money for Nothing
63%
Wembley Stadium, London Spandau Ballet True
63%
John F. Kennedy Stadium, Philadelphia Joan Baez | USA for Africa We Are the World
63%
John F. Kennedy Stadium, Philadelphia The Beach Boys Good Vibrations
56%
John F. Kennedy Stadium, Philadelphia Thompson Twins Hold Me Now
56%
John F. Kennedy Stadium, Philadelphia Eric Clapton Layla
56%
John F. Kennedy Stadium, Philadelphia Led Zeppelin Stairway to Heaven
56%
Wembley Stadium, London Dire Straits Sultans of Swing
56%
Wembley Stadium, London Queen Crazy Little Thing Called Love
50%
John F. Kennedy Stadium, Philadelphia Hall & Oates Maneater
50%
John F. Kennedy Stadium, Philadelphia Black Sabbath Paranoid
50%
Wembley Stadium, London Status Quo Rockin' All Over the World
50%
Wembley Stadium, London Sting Roxanne
50%
Wembley Stadium, London U2 Sunday Bloody Sunday
50%
John F. Kennedy Stadium, Philadelphia Pretenders Back on the Chain Gang
44%
Wembley Stadium, London U2 Bad
44%
John F. Kennedy Stadium, Philadelphia The Cars Drive
44%
Wembley Stadium, London David Bowie Heroes
44%
Wembley Stadium, London Elton John I'm Still Standing
44%
John F. Kennedy Stadium, Philadelphia Black Sabbath Iron Man
44%
Wembley Stadium, London The Who My Generation
44%
Wembley Stadium, London Elton John Rocket Man
44%
John F. Kennedy Stadium, Philadelphia The Beach Boys Surfin' U.S.A.
44%
Wembley Stadium, London Nik Kershaw Wouldn't It Be Good
44%
John F. Kennedy Stadium, Philadelphia Phil Collins Against All Odds (Take a Look at Me Now)
38%
John F. Kennedy Stadium, Philadelphia The Beach Boys California Girls
38%
John F. Kennedy Stadium, Philadelphia Billy Ocean Caribbean Queen
38%
Wembley Stadium, London Coldstream Guards God Save the Queen
38%
John F. Kennedy Stadium, Philadelphia Madonna Holiday
38%
Wembley Stadium, London Paul McCartney Let It Be
38%
Wembley Stadium, London David Bowie Modern Love
38%
Wembley Stadium, London Ultravox Vienna
38%
Wembley Stadium, London Phil Collins Against All Odds (Take a Look at Me Now)
31%
John F. Kennedy Stadium, Philadelphia Tom Petty and the Heartbreakers American Girl
31%
John F. Kennedy Stadium, Philadelphia REO Speedwagon Can't Fight This Feeling
31%
Wembley Stadium, London Ultravox Dancing with Tears in My Eyes
31%
Wembley Stadium, London Sting / Phil Collins Every Breath You Take
31%
Wembley Stadium, London Sting Message in a Bottle
31%
John F. Kennedy Stadium, Philadelphia Led Zeppelin Rock and Roll
31%
John F. Kennedy Stadium, Philadelphia Duran Duran The Reflex
31%
John F. Kennedy Stadium, Philadelphia Led Zeppelin Whole Lotta Love
31%
Wembley Stadium, London The Who Won't Get Fooled Again
31%
John F. Kennedy Stadium, Philadelphia The Beach Boys Wouldn't It Be Nice
31%
Wembley Stadium, London Sade Your Love Is King
31%
John F. Kennedy Stadium, Philadelphia The Hooters And We Danced
25%
John F. Kennedy Stadium, Philadelphia Duran Duran A View to a Kill
25%
Wembley Stadium, London Queen Ay-Oh
25%
Wembley Stadium, London Elton John Bennie and the Jets
25%
John F. Kennedy Stadium, Philadelphia Bryan Adams Cuts Like a Knife
25%
John F. Kennedy Stadium, Philadelphia The Beach Boys Help Me, Rhonda
25%
John F. Kennedy Stadium, Philadelphia Hall & Oates Out of Touch
25%
Wembley Stadium, London The Who Pinball Wizard
25%
Wembley Stadium, London The Boomtown Rats Rat Trap
25%
Wembley Stadium, London David Bowie Rebel Rebel
25%
Wembley Stadium, London Nik Kershaw The Riddle
25%
John F. Kennedy Stadium, Philadelphia The Hooters All You Zombies
19%
John F. Kennedy Stadium, Philadelphia Joan Baez Amazing Grace
19%
John F. Kennedy Stadium, Philadelphia Bob Dylan / Keith Richards / Ronnie Wood Blowin' in the Wind
19%
Wembley Stadium, London Status Quo Caroline
19%
John F. Kennedy Stadium, Philadelphia Patti LaBelle Forever Young
19%
John F. Kennedy Stadium, Philadelphia Four Tops I Can't Help Myself (Sugar Pie, Honey Bunch)
19%
Wembley Stadium, London Freddie Mercury / Brian May Is This the World We Created...?
19%
John F. Kennedy Stadium, Philadelphia Mick Jagger It's Only Rock 'n Roll (But I Like It) (Reprise)
19%
Wembley Stadium, London Bryan Ferry Jealous Guy
19%
John F. Kennedy Stadium, Philadelphia The Cars Just What I Needed
19%
John F. Kennedy Stadium, Philadelphia Judas Priest Living After Midnight
19%
Wembley Stadium, London The Who Love, Reign o'er Me
19%
John F. Kennedy Stadium, Philadelphia Simple Minds Promised You a Miracle
19%
John F. Kennedy Stadium, Philadelphia Tom Petty and the Heartbreakers Refugee
19%
John F. Kennedy Stadium, Philadelphia REO Speedwagon Roll with the Changes
19%
John F. Kennedy Stadium, Philadelphia Duran Duran Save a Prayer
19%
Wembley Stadium, London Bryan Ferry Slave to Love
19%
John F. Kennedy Stadium, Philadelphia Ashford & Simpson Solid
19%
John F. Kennedy Stadium, Philadelphia Crosby, Stills and Nash Southern Cross
19%
Wembley Stadium, London David Bowie TVC 15
19%
Wembley Stadium, London The Style Council Walls Come Tumbling Down!
19%
John F. Kennedy Stadium, Philadelphia The Cars You Might Think
19%
Wembley Stadium, London Elvis Costello All You Need Is Love
13%
John F. Kennedy Stadium, Philadelphia Four Tops Bernadette
13%
Wembley Stadium, London Elton John Can I Get a Witness
13%
John F. Kennedy Stadium, Philadelphia Black Sabbath Children of the Grave
13%
Wembley Stadium, London Paul Young Come Back and Stay
13%
Wembley Stadium, London Nik Kershaw Don Quixote
13%
Wembley Stadium, London Elton John Don't Go Breaking My Heart
13%
Wembley Stadium, London Elton John Don't Let the Sun Go Down on Me
13%
Wembley Stadium, London Sting Driven to Tears
13%
Wembley Stadium, London Paul Young Everytime You Go Away
13%
John F. Kennedy Stadium, Philadelphia The Power Station Get It On
13%
John F. Kennedy Stadium, Philadelphia Simple Minds Ghost Dancing
13%
Wembley Stadium, London Howard Jones Hide and Seek
13%
John F. Kennedy Stadium, Philadelphia Madonna Into the Groove
13%
John F. Kennedy Stadium, Philadelphia Mick Jagger Just Another Night
13%
John F. Kennedy Stadium, Philadelphia Bryan Adams Kids Wanna Rock
13%
John F. Kennedy Stadium, Philadelphia Run–D.M.C. King of Rock
13%
Wembley Stadium, London Sting / Phil Collins Long Long Way to Go
13%
John F. Kennedy Stadium, Philadelphia Pretenders Middle of the Road
13%
John F. Kennedy Stadium, Philadelphia Mick Jagger Miss You
13%
John F. Kennedy Stadium, Philadelphia Hall & Oates My Girl
13%
Wembley Stadium, London Spandau Ballet Only When You Leave
13%
John F. Kennedy Stadium, Philadelphia Tom Petty and the Heartbreakers Rebels
13%
John F. Kennedy Stadium, Philadelphia Patti LaBelle Stir It Up
13%
John F. Kennedy Stadium, Philadelphia Crosby, Stills and Nash Suite: Judy Blue Eyes
13%
John F. Kennedy Stadium, Philadelphia Crosby, Stills and Nash Teach Your Children
13%
John F. Kennedy Stadium, Philadelphia Duran Duran Union of the Snake
13%
Wembley Stadium, London Spandau Ballet Virgin
13%
Wembley Stadium, London Adam Ant Vive Le Rock
13%
John F. Kennedy Stadium, Philadelphia Eric Clapton White Room
13%
Wembley Stadium, London Nik Kershaw Wide Boy
13%
John F. Kennedy Stadium, Philadelphia Judas Priest You've Got Another Thing Comin'
13%
John F. Kennedy Stadium, Philadelphia Hall & Oates Ain't Too Proud to Beg
6%
John F. Kennedy Stadium, Philadelphia Bernard Watson All I Really Want to Do
6%
John F. Kennedy Stadium, Philadelphia Bob Dylan / Keith Richards / Ronnie Wood Ballad of Hollis Brown
6%
Wembley Stadium, London The Style Council Big Boss Groove
6%
Wembley Stadium, London Bryan Ferry Boys and Girls
6%
John F. Kennedy Stadium, Philadelphia Santana Brotherhood
6%
John F. Kennedy Stadium, Philadelphia Santana By the Pool
6%
John F. Kennedy Stadium, Philadelphia Crosby, Stills, Nash & Young Daylight Again
6%
Wembley Stadium, London Status Quo Don't Waste My Time
6%
Wembley Stadium, London The Boomtown Rats Drag Me Down
6%
John F. Kennedy Stadium, Philadelphia Crosby, Stills, Nash & Young Find the Cost of Freedom
6%
John F. Kennedy Stadium, Philadelphia Hall & Oates Get Ready
6%
John F. Kennedy Stadium, Philadelphia The Cars Heartbeat City
6%
John F. Kennedy Stadium, Philadelphia Neil Young Helpless
6%
John F. Kennedy Stadium, Philadelphia Rick Springfield Human Touch
6%
John F. Kennedy Stadium, Philadelphia Patti LaBelle Imagine
6%
Wembley Stadium, London The Style Council Internationalists
6%
John F. Kennedy Stadium, Philadelphia Bernard Watson Interview
6%
Wembley Stadium, London Sade Is It a Crime?
6%
John F. Kennedy Stadium, Philadelphia Four Tops It's the Same Old Song
6%
John F. Kennedy Stadium, Philadelphia Run–D.M.C. Jam Master Jay
6%
John F. Kennedy Stadium, Philadelphia Mick Jagger Lonely at the Top
6%
John F. Kennedy Stadium, Philadelphia Madonna Love Makes the World Go Round
6%
John F. Kennedy Stadium, Philadelphia Billy Ocean Loverboy
6%
John F. Kennedy Stadium, Philadelphia Rick Springfield Love Somebody
6%
John F. Kennedy Stadium, Philadelphia George Thorogood and the Destroyers Madison Blues
6%
John F. Kennedy Stadium, Philadelphia Pretenders Message of Love
6%
John F. Kennedy Stadium, Philadelphia The Power Station Murderess
6%
John F. Kennedy Stadium, Philadelphia Patti LaBelle New Attitude
6%
John F. Kennedy Stadium, Philadelphia Neil Young Nothing Is Perfect (In God's Perfect Plan)
6%
Wembley Stadium, London Ultravox One Small Day
6%
John F. Kennedy Stadium, Philadelphia Crosby, Stills, Nash & Young Only Love Can Break Your Heart
6%
John F. Kennedy Stadium, Philadelphia Santana Open Invitation
6%
John F. Kennedy Stadium, Philadelphia Patti LaBelle Over the Rainbow
6%
John F. Kennedy Stadium, Philadelphia Neil Young Powderfinger
6%
John F. Kennedy Stadium, Philadelphia Santana Primera Invasion
6%
John F. Kennedy Stadium, Philadelphia Ashford & Simpson Reach Out and Touch (Somebody's Hand)
6%
John F. Kennedy Stadium, Philadelphia Four Tops Reach Out I'll Be There
6%
Wembley Stadium, London Ultravox Reap the Wild Wind
6%
John F. Kennedy Stadium, Philadelphia Thompson Twins Revolution
6%
John F. Kennedy Stadium, Philadelphia Santana Right Now
6%
Wembley Stadium, London Coldstream Guards Royal Salute
6%
Wembley Stadium, London Bryan Ferry Sensation
6%
John F. Kennedy Stadium, Philadelphia Four Tops Shake Me, Wake Me (When It's Over)
6%
John F. Kennedy Stadium, Philadelphia Eric Clapton She's Waiting
6%
John F. Kennedy Stadium, Philadelphia Mick Jagger State of Shock
6%
John F. Kennedy Stadium, Philadelphia Rick Springfield State of the Heart
6%
John F. Kennedy Stadium, Philadelphia Pretenders Stop Your Sobbing
6%
John F. Kennedy Stadium, Philadelphia Neil Young Sugar Mountain
6%
John F. Kennedy Stadium, Philadelphia Bryan Adams Tears Are Not Enough
6%
Wembley Stadium, London Paul Young That's the Way Love Is
6%
John F. Kennedy Stadium, Philadelphia Judas Priest The Green Manalishi (With the Two-Pronged Crown)
6%
John F. Kennedy Stadium, Philadelphia Neil Young The Needle and the Damage Done
6%
John F. Kennedy Stadium, Philadelphia George Thorogood and the Destroyers The Sky Is Crying
6%
John F. Kennedy Stadium, Philadelphia Tom Petty and the Heartbreakers The Waiting
6%
John F. Kennedy Stadium, Philadelphia Hall & Oates The Way You Do the Things You Do
6%
John F. Kennedy Stadium, Philadelphia Pretenders Time the Avenger
6%
John F. Kennedy Stadium, Philadelphia Bob Dylan / Keith Richards / Ronnie Wood When the Ship Comes In
6%
John F. Kennedy Stadium, Philadelphia George Thorogood and the Destroyers Who Do You Love?
6%
John F. Kennedy Stadium, Philadelphia Patti LaBelle Why Can't I Get It Over
6%
Wembley Stadium, London Sade Why Can't We Live Together
6%
Wembley Stadium, London The Style Council You're the Best Thing
6%
No matching quizzes found
Score Distribution
Percent of People with Each Score
Percentile by Number Answered
Your Score History
You have not taken this quiz